000 00728nam a2200265 a 4500
001 46359
003 BD-RjUL
005 20211209054136.0
008 160801s1955 nyua 001 0 eng d
035 _a(BD-RjUL)46477
035 _a1006675
040 _a2509
_beng
_c2509
041 _aeng
082 0 4 _a371.2
_bTAS 1955
100 1 _aTate, Merle W.
_9141564
245 1 0 _aStatistics in education /
_cMerle W. Tate.
260 _aNew York :
_bMacmillan,
_c1955.
300 _ax, 597 p. :
_bill. ;
_c21 cm.
500 _aIncludes index.
504 _aIncludes bibliographical references.
505 0 _aIncludes statistical tables.
650 0 _aEducation
_xStatistics.
_9141565
942 _2ddc
_cBK
999 _c46359
_d46359